| 000 | 00444nam a2200169 a 4500 | ||
|---|---|---|---|
| 005 | 20140319105605.0 | ||
| 008 | 140117b2008 ck ||||| |||| 00| 0 spa d | ||
| 041 | _aspa | ||
| 044 | _ack | ||
| 090 |
_aEA _b00117 |
||
| 245 | _aPolítica pública distrital de educación ambiental | ||
| 260 |
_aBogotá _bAlcaldía Mayor _c2008 |
||
| 300 | _a75 p. | ||
| 505 | _aDecreto 617 de 28 de diciembre de 2007 | ||
| 662 | _dBogotá | ||
| 942 |
_cImpreso _2z |
||
| 999 |
_c6507 _d6507 |
||